| 000 | 00886na a2200253 4500 | ||
|---|---|---|---|
| 001 | 23897 | ||
| 003 | MIRAKIL | ||
| 005 | 20181213155322.0 | ||
| 008 | 180118b tu 000 0 | ||
| 020 | _a9786050102697 | ||
| 040 |
_aMilas _btur _cTR-AnCHP |
||
| 041 | _atur | ||
| 082 |
_a333.79 _bM39 2012 |
||
| 090 | _a333.79 M39 2012 | ||
| 111 |
_aMezopotamya Enerji Forumu _cDiyarbakır _d2011 |
||
| 245 |
_a Mezopotamya Enerji Forumu 2011 _bbildiriler kitabı _cyayına hazırlayan Elektrik Mühendisleri Odası Diyarbakır Şubesi |
||
| 260 |
_aDiyarbakır _bElektrik Mühendisleri Odası Diyarbakır Şubesi _c2012 |
||
| 300 |
_a216 s. _bres.; tbl.; grf.; hrt.; şkl. _c29 sm. |
||
| 490 |
_aEMO _vSK/2012/1 |
||
| 650 |
_aEnerji _xverimlilik |
||
| 650 |
_aElektrik enerjisi _xToplantılar, 2011 |
||
| 710 | _aElektrik Mühendisleri Odası Diyarbakır Şubesi | ||
| 942 |
_2ddc _cBKS |
||
| 999 |
_c10452 _d10452 |
||